| 000 | 00854nam a22002297a 4500 | ||
|---|---|---|---|
| 005 | 20240530110522.0 | ||
| 008 | 160220s2013 ua a g b 000 0 ara d | ||
| 017 |
_a2012/16361 _bمصر . دار الكتب المصرية |
||
| 020 | _a9772328857 | ||
| 040 | _aEG-CaGPL | ||
| 082 | 0 | 4 |
_221 _a375.001\ _bر م |
| 100 | 0 | _aرفعت محمود بهجات محمد . | |
| 245 | 1 | 2 |
_aالمناهج الدراسية : _bالتحديات المعاصرة و فرص النجاح / _cرفعت محمود بهجات محمد . |
| 250 | _aط1. | ||
| 260 |
_aالقاهرة : _bعالم الكتب ، _c2013 . |
||
| 300 |
_a364 ص ؛ _c24 سم . |
||
| 504 | _aببليوجرافية : ص 351 - 360 | ||
| 650 | 0 | 4 |
_aالمناهج _xتطوير . |
| 650 | 0 | 4 |
_aالمناهج _xتخطيط . |
| 942 |
_2ddc _cBK |
||
| 999 |
_c61917 _d61917 |
||